| 000 | 00396pab a2200133 454500 | ||
|---|---|---|---|
| 008 | 180718b2006 xxu||||| |||| 00| 0 eng d | ||
| 100 | _aNielsen, Richard P. | ||
| 245 | _aIntroduction to the special issue. In search of organizational virtue: moral agency in organizations | ||
| 260 | _c2006 | ||
| 300 | _ap.317-21. | ||
| 650 | _aOrganizations | ||
| 773 | _aOrganization Studies | ||
| 909 | _a69262 | ||
| 999 |
_c69262 _d69262 |
||